LIBRARY & INFORMATION CENTRE, KCAET, TAVANUR

ONLINE PUBLIC ACCESS CATALOGUE (OPAC)

Land Use and Soil Resources (Record no. 13859)

MARC details
000 -LEADER
fixed length control field 00294nam a22001337a 4500
020 ## - INTERNATIONAL STANDARD BOOK NUMBER
ISBN 9781402067778
082 ## - DEWEY DECIMAL CLASSIFICATION NUMBER
Classification number 631.45 BRA/LA
100 ## - MAIN ENTRY--AUTHOR NAME
Personal name Braimoh,Ademola K
100 ## - MAIN ENTRY--AUTHOR NAME
Personal name Vlek,Paul L.G.
245 ## - TITLE STATEMENT
Title Land Use and Soil Resources
260 ## - PUBLICATION, DISTRIBUTION, ETC. (IMPRINT)
Name of publisher Springer
Year of publication 2008
300 ## - PHYSICAL DESCRIPTION
Number of Pages 253
942 ## - ADDED ENTRY ELEMENTS (KOHA)
Koha item type Books
Holdings
Withdrawn status Lost status Damaged status Collection code Home library Current library Shelving location Date acquired Source of acquisition Cost, normal purchase price Full call number Accession Number Koha item type
      Reference KAUAET KAUAET Reference 31/03/2012 Universal Research Books, Thrissur 8596.56 631.45 BRA/LA 23355 Books
free website counter